Obce s prázdnejším mešcom
Vládny návrh zákona o štátnom rozpočte nezohľadňuje potreby samosprávy, uvažuje o zrušení štátnych fondov a nerieši otázky transparentného rozdeľovania finančných prostriedkov do rozpočtov obcí. Porovnanie medziročného vývoja základných ukazovateľov štátneho rozpočtu na rok 2002 s vývojom podielovýc...
Salvato in:
| Autore principale: | |
|---|---|
| Natura: | Capitolo di libro |
| Lingua: | slovacco |
| Soggetti: | |
| Tags: |
Nessun Tag, puoi essere il primo ad aggiungerne!!
|
MARC
| LEADER | 00000naa a2200000 4500 | ||
|---|---|---|---|
| 001 | r043564 | ||
| 005 | 20230920073537.3 | ||
| 041 | 0 | |a slo | |
| 044 | |a SK | ||
| 245 | 1 | 0 | |a Obce s prázdnejším mešcom |c Ivan Polakovič |
| 520 | |a Vládny návrh zákona o štátnom rozpočte nezohľadňuje potreby samosprávy, uvažuje o zrušení štátnych fondov a nerieši otázky transparentného rozdeľovania finančných prostriedkov do rozpočtov obcí. Porovnanie medziročného vývoja základných ukazovateľov štátneho rozpočtu na rok 2002 s vývojom podielových daní obcí. | ||
| 610 | 2 | 0 | |a rozpočet štátny |
| 610 | 2 | 0 | |a financie verejné |
| 610 | 2 | 0 | |a obce |
| 610 | 2 | 0 | |a samospráva |
| 610 | 2 | 0 | |a výdavky |
| 610 | 2 | 0 | |a Slovensko |
| 100 | 1 | |a Polakovič, Ivan | |